Daňová teorie a politika

Salvato in:
Dettagli Bibliografici
Autore principale: Kubátová, Květa
Natura: Libro
Lingua:ceco
Pubblicazione: Praha ASPI Publishing 2003
Edizione:3. přeprac. vyd.
Soggetti:
Tags: Aggiungi Tag
Nessun Tag, puoi essere il primo ad aggiungerne!!

MARC

LEADER 00000nam a2200000 4500
001 0009377
005 20221129094151.3
020 |a 80-86395-84-7 
041 0 |a cze 
044 |a CZ 
245 1 0 |a Daňová teorie a politika  |c Květa Kubátová 
250 |a 3. přeprac. vyd. 
264 1 |a Praha  |b ASPI Publishing  |c 2003 
300 |a 263 s. 
610 2 0 |a dane 
610 2 0 |a politika daňová 
610 2 0 |a teórie ekonomické 
610 2 0 |a spravodlivosť daňová 
610 2 0 |a zdaňovanie 
610 2 0 |a dane dôchodkové 
610 2 0 |a dane zo zisku 
610 2 0 |a príspevky sociálne 
610 2 0 |a dane spotrebné 
610 2 0 |a dane majetkové 
100 1 |a Kubátová, Květa